| 000 | 00843cam a2200301 a 4500 | ||
|---|---|---|---|
| 001 | 2630380 | ||
| 003 | OSt | ||
| 005 | 20170213174702.0 | ||
| 008 | 990304s1999 enka 001 0 eng | ||
| 010 | _a 99024781 | ||
| 020 | _a9780198501121 | ||
| 020 | _a0198501129 | ||
| 040 | _cDDC. | ||
| 050 | 0 | 0 |
_aQC173.65 _b.M33 1999 |
| 082 | 0 | 0 | _a531.11 McC 1999 |
| 100 | 1 |
_aMcComb, W. D; _91017 |
|
| 245 | 1 | 0 | _aDynamics and Relativity : |
| 260 |
_bOxford University Press, _c1999. _aOxford, |
||
| 300 |
_axix, 372 p. : _bill. ; _c25 cm. |
||
| 500 | _a. | ||
| 504 | _aIncludes index | ||
| 650 |
_aDynamics _94401 |
||
| 650 |
_aPhysics _9809 |
||
| 856 | 4 | 2 |
_3Publisher description _uhttp://www.loc.gov/catdir/enhancements/fy0606/99024781-d.html |
| 906 |
_a7 _bcbc _corignew _d1 _eocip _f19 _gy-gencatlg |
||
| 942 |
_2ddc _cO_SHELF |
||
| 999 |
_c5540 _d5540 |
||